[Event "World Chess Olympiad 2018"]
[Site "Batumi"]
[Date "2018.09.24"]
[Round "1"]
[Board "1"]
[WhiteFideId "5202213"]
[White "So Wesley"]
[BlackFideId "3508684"]
[Black "Sanchez Alvarez Roberto Carlos"]
[Result "1-0"]
[LiveChessVersion "1.4.8"]
[BlackElo "2391"]
[WhiteElo "2776"]

1. e4 {[%clk 1:23:29]} c5 {[%clk 1:30:39]} 2. Nf3 {[%clk 1:23:32]} d6
{[%clk 1:30:58]} 3. d4 {[%clk 1:23:50]} cxd4 {[%clk 1:31:21]} 4. Nxd4
{[%clk 1:24:16]} Nf6 {[%clk 1:31:39]} 5. Nc3 {[%clk 1:24:42]} a6 {[%clk 1:31:48]}
6. f3 {[%clk 1:25:05]} e5 {[%clk 1:31:26]} 7. Nb3 {[%clk 1:25:28]} Be6
{[%clk 1:31:50]} 8. Be3 {[%clk 1:25:52]} Be7 {[%clk 1:29:38]} 9. Qd2
{[%clk 1:26:13]} h5 {[%clk 1:26:29]} 10. Nd5 {[%clk 1:26:12]} Bxd5
{[%clk 1:26:57]} 11. exd5 {[%clk 1:26:38]} Nbd7 {[%clk 1:27:12]} 12. Na5
{[%clk 1:22:58]} Qb8 {[%clk 1:16:52]} 13. c4 {[%clk 1:15:22]} Bd8
{[%clk 1:01:00]} 14. Rc1 {[%clk 1:00:42]} O-O {[%clk 0:56:38]} 15. Be2
{[%clk 0:58:19]} Bb6 {[%clk 0:50:13]} 16. Bxb6 {[%clk 0:54:16]} Nxb6
{[%clk 0:50:20]} 17. O-O {[%clk 0:51:52]} Re8 {[%clk 0:42:05]} 18. b4
{[%clk 0:50:10]} Qa7 {[%clk 0:25:38]} 19. Kh1 {[%clk 0:43:52]} Nbd7
{[%clk 0:22:01]} 20. Bd3 {[%clk 0:43:15]} Rac8 {[%clk 0:16:48]} 21. a4
{[%clk 0:40:47]} e4 {[%clk 0:07:12]} 22. fxe4 {[%clk 0:35:05]} Nxe4
{[%clk 0:01:05]} 23. Qf4 {[%clk 0:34:19]} Ndf6 {[%clk 0:01:34]} 24. Bxe4
{[%clk 0:26:43]} Rxe4 {[%clk 0:02:02]} 25. Qxd6 {[%clk 0:27:11]} Qd4
{[%clk 0:00:43]} 26. Rcd1 {[%clk 0:18:31]} Qb2 {[%clk 0:00:53]} 27. Qb6
{[%clk 0:18:05]} Re2 {[%clk 0:00:44]} 28. Qxb7 {[%clk 0:17:08]} Rce8
{[%clk 0:00:31]} 29. d6 {[%clk 0:17:29]} R8e4 {[%clk 0:00:37]} 30. d7
{[%clk 0:17:43]} Rxg2 {[%clk 0:00:33]} 31. d8=Q+ {[%clk 0:18:08]} Kh7
{[%clk 0:00:57]} 32. Qxe4+ {[%clk 0:17:19]} Nxe4 {[%clk 0:01:21]} 33. Qh4
{[%clk 0:17:46]} Qe2 {[%clk 0:00:36]} 34. Rde1 {[%clk 0:17:28]} 1-0

[Event "World Chess Olympiad 2018"]
[Site "Batumi"]
[Date "2018.09.24"]
[Round "1"]
[Board "3"]
[WhiteFideId "2004887"]
[White "Shankland Samuel"]
[BlackFideId "6600913"]
[Black "Leon Orlando"]
[Result "1-0"]
[LiveChessVersion "1.4.8"]
[BlackElo "2196"]
[WhiteElo "2722"]

1. d4 {[%clk 1:23:51]} Nf6 {[%clk 1:29:56]} 2. Nf3 {[%clk 1:24:14]} d5
{[%clk 1:30:01]} 3. c4 {[%clk 1:24:38]} c6 {[%clk 1:30:19]} 4. e3
{[%clk 1:25:04]} e6 {[%clk 1:25:45]} 5. b3 {[%clk 1:25:30]} Bb4+ {[%clk 1:21:53]}
6. Nbd2 {[%clk 1:25:54]} Ne4 {[%clk 1:14:52]} 7. Bd3 {[%clk 1:26:09]} f5
{[%clk 1:14:40]} 8. Ne5 {[%clk 1:26:24]} O-O {[%clk 1:12:09]} 9. O-O
{[%clk 1:26:51]} Nd7 {[%clk 1:01:43]} 10. Ndf3 {[%clk 1:27:06]} Ndf6
{[%clk 1:01:03]} 11. Bb2 {[%clk 1:23:47]} Bd7 {[%clk 0:58:57]} 12. Rc1
{[%clk 1:20:23]} Be8 {[%clk 0:58:26]} 13. Be2 {[%clk 1:20:10]} Bh5
{[%clk 0:48:27]} 14. Nd3 {[%clk 1:19:33]} Bd6 {[%clk 0:44:55]} 15. Nfe5
{[%clk 1:19:28]} Bxe2 {[%clk 0:44:23]} 16. Qxe2 {[%clk 1:19:54]} Qe7
{[%clk 0:41:15]} 17. f3 {[%clk 1:20:12]} Ng5 {[%clk 0:41:28]} 18. Qd2
{[%clk 1:19:29]} a5 {[%clk 0:35:21]} 19. a4 {[%clk 1:14:46]} Nf7 {[%clk 0:30:11]}
20. Bc3 {[%clk 1:14:55]} Bc7 {[%clk 0:29:39]} 21. b4 {[%clk 1:06:36]} axb4
{[%clk 0:27:48]} 22. Bxb4 {[%clk 1:07:02]} Bd6 {[%clk 0:26:24]} 23. Bxd6
{[%clk 1:07:19]} Nxd6 {[%clk 0:26:02]} 24. Qb4 {[%clk 1:05:10]} Ra7
{[%clk 0:24:13]} 25. Ra1 {[%clk 0:58:00]} Rfa8 {[%clk 0:22:57]} 26. Rfb1
{[%clk 0:57:46]} Nd7 {[%clk 0:19:38]} 27. a5 {[%clk 0:52:00]} Nxe5
{[%clk 0:17:31]} 28. dxe5 {[%clk 0:52:26]} Nc8 {[%clk 0:17:37]} 29. cxd5
{[%clk 0:48:08]} exd5 {[%clk 0:15:03]} 30. Qc3 {[%clk 0:45:20]} Qc7
{[%clk 0:12:32]} 31. Nf4 {[%clk 0:44:48]} Ne7 {[%clk 0:10:46]} 32. Ne6
{[%clk 0:42:17]} Qc8 {[%clk 0:08:07]} 33. Nd4 {[%clk 0:41:18]} Ng6
{[%clk 0:02:14]} 34. f4 {[%clk 0:41:22]} Nf8 {[%clk 0:01:06]} 35. Ra2
{[%clk 0:40:00]} Qd8 {[%clk 0:00:32]} 36. Nxf5 {[%clk 0:38:22]} Rxa5
{[%clk 0:00:44]} 37. Rxa5 {[%clk 0:38:18]} Qxa5 {[%clk 0:00:48]} 38. Qxa5
{[%clk 0:38:42]} Rxa5 {[%clk 0:01:14]} 39. Rxb7 {[%clk 0:39:08]} 1-0

[Event "World Chess Olympiad 2018"]
[Site "Batumi"]
[Date "2018.09.24"]
[Round "1"]
[Board "4"]
[WhiteFideId "6100538"]
[White "Ramos Efren Andres"]
[BlackFideId "2023970"]
[Black "Robson Ray"]
[Result "0-1"]
[LiveChessVersion "1.4.8"]
[BlackElo "2682"]
[WhiteElo "2244"]

1. Nf3 {[%clk 1:30:55]} d5 {[%clk 1:23:12]} 2. d4 {[%clk 1:30:33]} Nf6
{[%clk 1:23:20]} 3. c4 {[%clk 1:30:48]} e6 {[%clk 1:23:24]} 4. g3
{[%clk 1:29:47]} Bb4+ {[%clk 1:23:16]} 5. Bd2 {[%clk 1:29:53]} Be7
{[%clk 1:23:18]} 6. Bg2 {[%clk 1:28:55]} O-O {[%clk 1:23:19]} 7. O-O
{[%clk 1:26:55]} Nbd7 {[%clk 1:22:47]} 8. Qc2 {[%clk 1:24:05]} Ne4
{[%clk 1:22:05]} 9. Bf4 {[%clk 1:22:53]} c6 {[%clk 1:21:50]} 10. Nbd2
{[%clk 1:22:16]} g5 {[%clk 1:19:17]} 11. Be3 {[%clk 1:16:46]} Nd6
{[%clk 1:18:23]} 12. cxd5 {[%clk 1:09:32]} exd5 {[%clk 1:06:49]} 13. Nb3
{[%clk 1:00:38]} Nb6 {[%clk 1:05:37]} 14. Rad1 {[%clk 0:49:23]} Nbc4
{[%clk 0:55:00]} 15. Qc1 {[%clk 0:48:28]} f6 {[%clk 0:46:07]} 16. Nc5
{[%clk 0:46:22]} Nf5 {[%clk 0:44:15]} 17. b3 {[%clk 0:46:00]} Ncxe3
{[%clk 0:39:57]} 18. fxe3 {[%clk 0:46:18]} Bxc5 {[%clk 0:34:37]} 19. dxc5
{[%clk 0:46:10]} Qe7 {[%clk 0:34:43]} 20. Rd3 {[%clk 0:43:11]} Re8
{[%clk 0:34:56]} 21. Kf2 {[%clk 0:39:59]} Nh6 {[%clk 0:24:02]} 22. Nd4
{[%clk 0:34:25]} Ng4+ {[%clk 0:23:34]} 23. Kg1 {[%clk 0:34:38]} Nxe3
{[%clk 0:23:28]} 24. Rf3 {[%clk 0:30:28]} Nxg2 {[%clk 0:21:17]} 25. Kxg2
{[%clk 0:30:48]} Bg4 {[%clk 0:21:17]} 26. Rfe3 {[%clk 0:29:32]} Qd7
{[%clk 0:10:39]} 27. Qe1 {[%clk 0:27:51]} Bh5 {[%clk 0:09:46]} 28. Qf2
{[%clk 0:27:52]} Bg6 {[%clk 0:10:02]} 29. Rxe8+ {[%clk 0:09:01]} Rxe8
{[%clk 0:10:25]} 30. Rd1 {[%clk 0:08:45]} Be4+ {[%clk 0:07:57]} 31. Kg1
{[%clk 0:08:52]} Kg7 {[%clk 0:07:56]} 32. Rf1 {[%clk 0:08:47]} Rf8
{[%clk 0:07:33]} 33. Qe3 {[%clk 0:08:51]} h5 {[%clk 0:06:06]} 34. Rf2
{[%clk 0:06:40]} Qh3 {[%clk 0:03:11]} 35. Nf3 {[%clk 0:06:17]} Qg4
{[%clk 0:02:35]} 36. Kf1 {[%clk 0:05:40]} Re8 {[%clk 0:02:15]} 37. Qc3
{[%clk 0:05:37]} Bxf3 {[%clk 0:01:44]} 38. Rxf3 {[%clk 0:03:28]} Re6
{[%clk 0:00:57]} 39. Qd2 {[%clk 0:02:02]} h4 {[%clk 0:00:55]} 40. gxh4
{[%clk 0:32:20]} Qxh4 {[%clk 0:31:09]} 41. h3 {[%clk 0:28:23]} Qe4
{[%clk 0:28:47]} 42. Kf2 {[%clk 0:26:30]} a5 {[%clk 0:21:02]} 43. a3
{[%clk 0:26:10]} d4 {[%clk 0:20:14]} 44. b4 {[%clk 0:26:15]} a4 {[%clk 0:17:55]}
45. Rd3 {[%clk 0:26:02]} Qh1 {[%clk 0:12:30]} 46. Rf3 {[%clk 0:23:26]} Qh2+
{[%clk 0:11:18]} 47. Kf1 {[%clk 0:23:49]} Re4 {[%clk 0:09:53]} 48. Qd3
{[%clk 0:23:10]} Qe5 {[%clk 0:09:24]} 49. b5 {[%clk 0:20:44]} Kh6
{[%clk 0:02:42]} 50. bxc6 {[%clk 0:18:32]} bxc6 {[%clk 0:03:08]} 51. Qc4
{[%clk 0:16:15]} Kg7 {[%clk 0:03:02]} 52. Qa6 {[%clk 0:14:00]} Qxc5
{[%clk 0:02:45]} 53. Qxa4 {[%clk 0:13:46]} Qc1+ {[%clk 0:02:20]} 54. Kf2
{[%clk 0:13:46]} Qe3+ {[%clk 0:02:20]} 55. Kg2 {[%clk 0:10:41]} Qd2
{[%clk 0:02:09]} 56. Rf2 {[%clk 0:09:40]} Rxe2 {[%clk 0:02:26]} 57. Rxe2
{[%clk 0:09:02]} Qxe2+ {[%clk 0:02:54]} 58. Kg3 {[%clk 0:08:41]} Qe3+
{[%clk 0:03:04]} 59. Kg2 {[%clk 0:09:03]} d3 {[%clk 0:02:52]} 60. Qxc6
{[%clk 0:09:18]} Qe2+ {[%clk 0:02:47]} 61. Kg3 {[%clk 0:09:12]} d2
{[%clk 0:03:06]} 62. Qc7+ {[%clk 0:09:18]} Kg6 {[%clk 0:02:50]} 63. Qc2+
{[%clk 0:08:41]} Kh6 {[%clk 0:02:15]} 0-1

[Event "World Chess Olympiad 2018"]
[Site "Batumi"]
[Date "2018.09.24"]
[Round "1"]
[Board "1"]
[WhiteFideId "10000100"]
[White "Ssegwanyi Arthur"]
[BlackFideId "14109603"]
[Black "Karjakin Sergey"]
[Result "0-1"]
[LiveChessVersion "1.4.8"]
[BlackElo "2760"]
[WhiteElo "2347"]

1. e4 {[%clk 1:30:51]} c6 {[%clk 1:30:55]} 2. d4 {[%clk 1:27:45]} d5
{[%clk 1:31:20]} 3. exd5 {[%clk 1:26:43]} cxd5 {[%clk 1:31:43]} 4. c4
{[%clk 1:27:08]} Nf6 {[%clk 1:31:44]} 5. Nc3 {[%clk 1:27:11]} e6 {[%clk 1:31:00]}
6. Nf3 {[%clk 1:23:37]} Bb4 {[%clk 1:30:12]} 7. c5 {[%clk 1:12:19]} O-O
{[%clk 1:15:52]} 8. Bd3 {[%clk 1:11:16]} b6 {[%clk 1:15:05]} 9. cxb6
{[%clk 1:09:55]} axb6 {[%clk 1:10:04]} 10. O-O {[%clk 1:01:39]} Bxc3
{[%clk 1:09:52]} 11. bxc3 {[%clk 0:55:20]} Ba6 {[%clk 1:10:20]} 12. Bg5
{[%clk 0:47:38]} Nbd7 {[%clk 1:10:20]} 13. Bxa6 {[%clk 0:37:02]} Rxa6
{[%clk 1:10:48]} 14. Qb3 {[%clk 0:35:06]} Qa8 {[%clk 1:06:58]} 15. Rfc1
{[%clk 0:31:27]} Rc8 {[%clk 0:55:15]} 16. Qb2 {[%clk 0:29:15]} h6
{[%clk 0:43:47]} 17. Be3 {[%clk 0:12:01]} Ra4 {[%clk 0:37:52]} 18. h3
{[%clk 0:10:07]} Qa6 {[%clk 0:37:50]} 19. Rc2 {[%clk 0:07:55]} Ne4
{[%clk 0:34:06]} 20. Nd2 {[%clk 0:06:55]} Ndf6 {[%clk 0:29:52]} 21. Nxe4
{[%clk 0:05:27]} Nxe4 {[%clk 0:30:20]} 22. Bf4 {[%clk 0:05:31]} Rac4
{[%clk 0:27:22]} 23. Rac1 {[%clk 0:04:25]} b5 {[%clk 0:27:43]} 24. f3
{[%clk 0:04:05]} Nc5 {[%clk 0:27:23]} 25. dxc5 {[%clk 0:02:19]} Rxf4
{[%clk 0:27:48]} 26. Rd1 {[%clk 0:02:27]} Rc4 {[%clk 0:27:08]} 27. Rd4
{[%clk 0:01:58]} R8xc5 {[%clk 0:27:21]} 28. Rxc4 {[%clk 0:01:49]} Rxc4
{[%clk 0:27:48]} 29. Rd2 {[%clk 0:01:50]} Qc6 {[%clk 0:27:38]} 30. Rd3
{[%clk 0:01:27]} h5 {[%clk 0:27:34]} 31. Kh1 {[%clk 0:01:31]} b4 {[%clk 0:26:45]}
0-1

[Event "World Chess Olympiad 2018"]
[Site "Batumi"]
[Date "2018.09.24"]
[Round "1"]
[Board "2"]
[WhiteFideId "4168119"]
[White "Nepomniachtchi Ian"]
[BlackFideId "10000127"]
[Black "Kawuma Patrick"]
[Result "1-0"]
[LiveChessVersion "1.4.8"]
[BlackElo "2329"]
[WhiteElo "2768"]

1. e4 {[%clk 1:30:49]} e6 {[%clk 1:30:16]} 2. d4 {[%clk 1:31:06]} d5
{[%clk 1:30:44]} 3. Nc3 {[%clk 1:31:29]} Nf6 {[%clk 1:30:57]} 4. e5
{[%clk 1:31:13]} Nfd7 {[%clk 1:31:20]} 5. Nce2 {[%clk 1:30:32]} c5
{[%clk 1:29:21]} 6. c3 {[%clk 1:30:53]} b6 {[%clk 1:25:20]} 7. Nf4
{[%clk 1:28:35]} Ba6 {[%clk 1:18:54]} 8. Bxa6 {[%clk 1:28:46]} Nxa6
{[%clk 1:19:21]} 9. Nf3 {[%clk 1:28:59]} Be7 {[%clk 1:18:40]} 10. h4
{[%clk 1:26:49]} Qc7 {[%clk 1:03:19]} 11. a3 {[%clk 1:18:27]} O-O-O
{[%clk 0:46:53]} 12. b4 {[%clk 1:17:10]} cxd4 {[%clk 0:45:32]} 13. cxd4
{[%clk 1:17:26]} Qc4 {[%clk 0:41:16]} 14. Bd2 {[%clk 1:16:33]} Kb7
{[%clk 0:40:33]} 15. Rc1 {[%clk 1:16:40]} Qa2 {[%clk 0:39:06]} 16. b5
{[%clk 1:16:51]} Nab8 {[%clk 0:36:36]} 17. Rc2 {[%clk 1:16:52]} Qxa3
{[%clk 0:34:24]} 18. Qb1 {[%clk 1:17:12]} Bf8 {[%clk 0:20:54]} 19. O-O
{[%clk 1:10:38]} Rc8 {[%clk 0:17:05]} 20. Rxc8 {[%clk 1:09:28]} Kxc8
{[%clk 0:17:31]} 21. Ng5 {[%clk 1:09:51]} Qe7 {[%clk 0:16:23]} 22. Rc1+
{[%clk 1:09:53]} Kb7 {[%clk 0:15:32]} 23. Qc2 {[%clk 1:10:16]} Nc5
{[%clk 0:10:35]} 24. dxc5 {[%clk 1:10:39]} bxc5 {[%clk 0:10:58]} 25. Qa4
{[%clk 1:10:56]} h6 {[%clk 0:10:24]} 26. Ngxe6 {[%clk 1:10:42]} fxe6
{[%clk 0:09:32]} 27. Ng6 {[%clk 1:10:59]} Qe8 {[%clk 0:08:08]} 28. Nxh8
{[%clk 1:11:07]} Be7 {[%clk 0:07:32]} 29. Ra1 {[%clk 1:11:31]} 1-0

[Event "World Chess Olympiad 2018"]
[Site "Batumi"]
[Date "2018.09.24"]
[Round "1"]
[Board "3"]
[WhiteFideId "10001204"]
[White "Okas Walter"]
[BlackFideId "4152956"]
[Black "Vitiugov Nikita"]
[Result "0-1"]
[LiveChessVersion "1.4.8"]
[BlackElo "2726"]
[WhiteElo "2258"]

1. Nf3 {[%clk 1:30:37]} d5 {[%clk 1:30:35]} 2. g3 {[%clk 1:30:00]} Nf6
{[%clk 1:29:15]} 3. Bg2 {[%clk 1:29:12]} c6 {[%clk 1:29:24]} 4. O-O
{[%clk 1:28:23]} Bg4 {[%clk 1:29:18]} 5. Ne5 {[%clk 1:25:47]} Bh5
{[%clk 1:27:44]} 6. b3 {[%clk 1:24:56]} Nbd7 {[%clk 1:25:14]} 7. Nxd7
{[%clk 1:21:45]} Nxd7 {[%clk 1:25:04]} 8. d4 {[%clk 1:21:15]} e6 {[%clk 1:23:44]}
9. Qd3 {[%clk 1:16:07]} Bg6 {[%clk 1:21:51]} 10. e4 {[%clk 1:11:48]} dxe4
{[%clk 1:19:32]} 11. Bxe4 {[%clk 1:11:47]} Nf6 {[%clk 1:19:37]} 12. Nd2
{[%clk 1:05:13]} Nxe4 {[%clk 1:16:31]} 13. Nxe4 {[%clk 1:05:30]} Bb4
{[%clk 1:11:34]} 14. Bb2 {[%clk 1:01:44]} Qd5 {[%clk 1:10:50]} 15. f3
{[%clk 0:58:59]} O-O {[%clk 1:04:57]} 16. c4 {[%clk 0:56:17]} Qd7
{[%clk 1:04:37]} 17. Qe3 {[%clk 0:55:20]} Rad8 {[%clk 1:00:07]} 18. a3
{[%clk 0:49:16]} Be7 {[%clk 0:59:29]} 19. Rae1 {[%clk 0:44:37]} b6
{[%clk 0:54:13]} 20. Qc3 {[%clk 0:41:21]} f6 {[%clk 0:53:44]} 21. Kg2
{[%clk 0:32:29]} Rfe8 {[%clk 0:52:03]} 22. Rf2 {[%clk 0:29:28]} f5
{[%clk 0:43:44]} 23. d5 {[%clk 0:21:14]} e5 {[%clk 0:43:17]} 24. Qxe5
{[%clk 0:14:33]} Bf8 {[%clk 0:42:44]} 25. Qd4 {[%clk 0:05:05]} fxe4
{[%clk 0:42:31]} 0-1

[Event "World Chess Olympiad 2018"]
[Site "Batumi"]
[Date "2018.09.24"]
[Round "1"]
[Board "4"]
[WhiteFideId "4122356"]
[White "Jakovenko Dmitry"]
[BlackFideId "10000569"]
[Black "Nsubuga Haruna"]
[Result "1-0"]
[LiveChessVersion "1.4.8"]
[BlackElo "2222"]
[WhiteElo "2747"]

1. e4 {[%clk 1:30:56]} c6 {[%clk 1:30:54]} 2. d4 {[%clk 1:31:21]} d5
{[%clk 1:31:22]} 3. e5 {[%clk 1:31:45]} Bf5 {[%clk 1:31:22]} 4. Nf3
{[%clk 1:32:11]} e6 {[%clk 1:31:37]} 5. Be2 {[%clk 1:32:34]} h6 {[%clk 1:30:55]}
6. O-O {[%clk 1:32:48]} Ne7 {[%clk 1:30:55]} 7. Nbd2 {[%clk 1:32:00]} Ng6
{[%clk 1:29:15]} 8. Nb3 {[%clk 1:30:01]} Be7 {[%clk 1:26:04]} 9. Ne1
{[%clk 1:30:17]} Nf8 {[%clk 1:25:37]} 10. Be3 {[%clk 1:28:44]} Nfd7
{[%clk 1:24:07]} 11. g4 {[%clk 1:22:36]} Bh7 {[%clk 1:22:05]} 12. f4
{[%clk 1:23:02]} Na6 {[%clk 1:19:48]} 13. Rc1 {[%clk 1:15:52]} Nb6
{[%clk 1:17:44]} 14. Na5 {[%clk 1:10:58]} Qc7 {[%clk 1:12:01]} 15. c3
{[%clk 1:11:06]} Nd7 {[%clk 1:11:28]} 16. b4 {[%clk 1:08:44]} Nab8
{[%clk 1:05:23]} 17. f5 {[%clk 1:06:58]} c5 {[%clk 1:04:40]} 18. c4
{[%clk 1:04:45]} cxb4 {[%clk 1:01:43]} 19. fxe6 {[%clk 0:43:58]} Qxa5
{[%clk 0:50:10]} 20. cxd5 {[%clk 0:43:06]} O-O {[%clk 0:32:28]} 21. d6
{[%clk 0:42:19]} Bxd6 {[%clk 0:22:32]} 22. exd6 {[%clk 0:41:35]} fxe6
{[%clk 0:18:22]} 23. Rxf8+ {[%clk 0:41:55]} Nxf8 {[%clk 0:17:40]} 24. Rc8
{[%clk 0:42:15]} Qd5 {[%clk 0:14:25]} 25. Bc4 {[%clk 0:37:14]} Qe4
{[%clk 0:10:58]} 26. Qf3 {[%clk 0:37:34]} Nbd7 {[%clk 0:05:59]} 27. Rxa8
{[%clk 0:37:16]} b5 {[%clk 0:05:06]} 28. Qxe4 {[%clk 0:37:35]} Bxe4
{[%clk 0:05:16]} 29. Bxe6+ {[%clk 0:38:03]} Kh7 {[%clk 0:05:31]} 30. Rxa7
{[%clk 0:38:25]} 1-0

[Event "World Chess Olympiad 2018"]
[Site "Batumi"]
[Date "2018.09.24"]
[Round "1"]
[Board "1"]
[WhiteFideId "8603820"]
[White "Yu Yangyi"]
[BlackFideId "9000240"]
[Black "Tissir Mohamed"]
[Result "1-0"]
[LiveChessVersion "1.4.8"]
[BlackElo "2388"]
[WhiteElo "2765"]

1. d4 {[%clk 1:30:48]} Nf6 {[%clk 1:30:27]} 2. c4 {[%clk 1:30:50]} g6
{[%clk 1:24:13]} 3. Nc3 {[%clk 1:30:58]} Bg7 {[%clk 1:24:24]} 4. e4
{[%clk 1:31:08]} d6 {[%clk 1:23:57]} 5. Be2 {[%clk 1:31:08]} O-O {[%clk 1:22:13]}
6. Bg5 {[%clk 1:31:17]} h6 {[%clk 1:18:10]} 7. Be3 {[%clk 1:30:14]} e5
{[%clk 1:17:16]} 8. d5 {[%clk 1:29:51]} Na6 {[%clk 1:17:35]} 9. Qd2
{[%clk 1:24:55]} Nc5 {[%clk 1:17:10]} 10. f3 {[%clk 1:25:15]} a5 {[%clk 1:16:25]}
11. Bd1 {[%clk 1:23:16]} c6 {[%clk 0:53:22]} 12. Nge2 {[%clk 1:22:44]} cxd5
{[%clk 0:49:21]} 13. cxd5 {[%clk 1:22:56]} Bd7 {[%clk 0:49:02]} 14. a4
{[%clk 1:17:43]} Qb6 {[%clk 0:42:27]} 15. O-O {[%clk 1:14:40]} Rfc8
{[%clk 0:40:01]} 16. Nc1 {[%clk 1:10:57]} h5 {[%clk 0:36:05]} 17. Be2
{[%clk 1:02:10]} Qd8 {[%clk 0:28:04]} 18. Bb5 {[%clk 0:56:32]} Be8
{[%clk 0:18:10]} 19. Ra3 {[%clk 0:52:35]} Nfd7 {[%clk 0:16:36]} 20. Nd3
{[%clk 0:47:37]} Nxd3 {[%clk 0:14:32]} 21. Qxd3 {[%clk 0:45:19]} Nc5
{[%clk 0:14:32]} 22. Qd1 {[%clk 0:36:14]} Na6 {[%clk 0:10:17]} 23. Rb3
{[%clk 0:26:52]} Nb4 {[%clk 0:06:12]} 24. Bxe8 {[%clk 0:25:22]} Qxe8
{[%clk 0:06:41]} 25. Nb5 {[%clk 0:25:35]} Bf8 {[%clk 0:04:17]} 26. Rc3
{[%clk 0:20:43]} Qd8 {[%clk 0:03:30]} 27. f4 {[%clk 0:17:56]} exf4
{[%clk 0:02:41]} 28. Bxf4 {[%clk 0:18:18]} Rxc3 {[%clk 0:01:00]} 29. bxc3
{[%clk 0:18:39]} Na6 {[%clk 0:01:24]} 30. Qf3 {[%clk 0:16:53]} Qd7
{[%clk 0:01:02]} 31. e5 {[%clk 0:16:41]} dxe5 {[%clk 0:00:36]} 32. Bxe5
{[%clk 0:17:06]} f5 {[%clk 0:00:42]} 33. d6 {[%clk 0:10:31]} Re8 {[%clk 0:00:57]}
34. Qd5+ {[%clk 0:07:23]} Kh7 {[%clk 0:00:37]} 35. Rd1 {[%clk 0:06:47]} Bh6
{[%clk 0:00:36]} 36. Nc7 {[%clk 0:03:18]} Rc8 {[%clk 0:01:01]} 37. Kh1
{[%clk 0:02:05]} Be3 {[%clk 0:00:39]} 38. Qf3 {[%clk 0:01:00]} Nxc7
{[%clk 0:00:40]} 39. dxc7 {[%clk 0:01:06]} Qxa4 {[%clk 0:00:57]} 40. Qd5
{[%clk 0:30:42]} Kh6 {[%clk 0:30:34]} 41. Qd7 {[%clk 0:27:14]} Qxd7
{[%clk 0:23:44]} 42. Rxd7 {[%clk 0:27:38]} Bg5 {[%clk 0:20:39]} 43. Bg7+
{[%clk 0:27:38]} Kh7 {[%clk 0:21:05]} 44. h4 {[%clk 0:27:45]} 1-0

[Event "World Chess Olympiad 2018"]
[Site "Batumi"]
[Date "2018.09.24"]
[Round "1"]
[Board "3"]
[WhiteFideId "8601445"]
[White "Bu Xiangzhi"]
[BlackFideId "9001948"]
[Black "Saber Yasser"]
[Result "1-0"]
[LiveChessVersion "1.4.8"]
[BlackElo "2192"]
[WhiteElo "2712"]

1. Nf3 {[%clk 1:30:45]} d5 {[%clk 1:30:42]} 2. g3 {[%clk 1:29:52]} Nf6
{[%clk 1:30:44]} 3. Bg2 {[%clk 1:30:19]} c6 {[%clk 1:29:46]} 4. O-O
{[%clk 1:30:08]} Bg4 {[%clk 1:29:51]} 5. d3 {[%clk 1:28:10]} Nbd7
{[%clk 1:29:38]} 6. Nbd2 {[%clk 1:28:15]} e6 {[%clk 1:26:28]} 7. h3
{[%clk 1:24:16]} Bh5 {[%clk 1:26:38]} 8. e4 {[%clk 1:23:57]} Be7 {[%clk 1:22:45]}
9. Qe2 {[%clk 1:15:20]} O-O {[%clk 1:20:49]} 10. Re1 {[%clk 1:09:37]} h6
{[%clk 1:12:18]} 11. e5 {[%clk 1:02:23]} Ne8 {[%clk 1:03:14]} 12. Nf1
{[%clk 1:00:48]} Nc7 {[%clk 1:01:14]} 13. g4 {[%clk 0:51:06]} Bg6
{[%clk 1:01:37]} 14. Ng3 {[%clk 0:51:34]} Re8 {[%clk 0:29:27]} 15. d4
{[%clk 0:50:46]} c5 {[%clk 0:27:09]} 16. dxc5 {[%clk 0:43:20]} Na6
{[%clk 0:23:29]} 17. c6 {[%clk 0:43:41]} Ndc5 {[%clk 0:22:10]} 18. cxb7
{[%clk 0:43:57]} Rb8 {[%clk 0:22:37]} 19. a3 {[%clk 0:43:09]} Qb6
{[%clk 0:20:12]} 20. b4 {[%clk 0:39:49]} Ne4 {[%clk 0:16:23]} 21. Be3
{[%clk 0:38:55]} Qxb7 {[%clk 0:09:55]} 22. c4 {[%clk 0:37:15]} dxc4
{[%clk 0:08:58]} 23. Nd2 {[%clk 0:34:16]} Nxg3 {[%clk 0:08:26]} 24. Qxc4
{[%clk 0:32:57]} Qc8 {[%clk 0:03:45]} 25. fxg3 {[%clk 0:33:13]} Qxc4
{[%clk 0:02:04]} 26. Nxc4 {[%clk 0:33:42]} Rec8 {[%clk 0:00:40]} 27. Rac1
{[%clk 0:29:30]} Bg5 {[%clk 0:01:02]} 28. Bxg5 {[%clk 0:29:25]} hxg5
{[%clk 0:01:30]} 29. Nd6 {[%clk 0:29:43]} Rc7 {[%clk 0:00:52]} 30. b5
{[%clk 0:29:34]} Nc5 {[%clk 0:01:05]} 31. Re3 {[%clk 0:29:54]} 1-0